Loading...
Electrodynamics.
| Hovedforfatter: | |
|---|---|
| Format: | Printed Book |
| Udgivet: |
New Jersey.
World Scientific.
2011
|
| Udgivelse: | 2nd. |
| Fag: |
| LEADER | 00563nam a22001817a 4500 | ||
|---|---|---|---|
| 020 | |a 9789814340748 | ||
| 082 | |a 537.6 |b MUl/E | ||
| 100 | |a Muller -Kristen,Harald J.W. | ||
| 245 | |a Electrodynamics. | ||
| 250 | |a 2nd. | ||
| 260 | |a New Jersey. |b World Scientific. |c 2011 | ||
| 300 | |a 614p. | ||
| 650 | |a Electodynamics. | ||
| 650 | |a Quantum electrodynamics. | ||
| 650 | |a electromagnetism. | ||
| 942 | |c BK | ||
| 999 | |c 35056 |d 35056 | ||
| 952 | |0 0 |1 0 |4 0 |6 537_600000000000000_MULE |7 0 |8 Stack |9 37087 |a KUCL |b KUCL |c Stack |d 2015-10-01 |l 0 |o 537.6 MUl/E |p 34188 |r 2015-10-01 |w 2015-10-01 |y BK | ||